Robots brawl stars - Statistiques

Statistiques générales
  • Ce quiz a été pris 154 fois
  • Le résultat moyen est 11 sur 23
Statistiques - réponses
Indice Réponse % Correct
Rare Bartaba
87%
S.rare Rico
86%
S.rare Darryl
72%
Legendaire Surge
67%
Epique Nani
63%
S.rare Arkad
61%
S.rare Tick
57%
S.rare Carl
49%
Skin Mortis
49%
Epique Stu
49%
Skin Leon
48%
Skin Corbac
47%
Epique Pearl
47%
Skin Bo
44%
Skin Edgar
44%
Skin Colt
43%
Mythique Rt
35%
Mythique Wally
35%
Epique Ash
30%
Skin Dynamike
28%
Mythique Lou
24%
Skin Spike
20%
Epique Larry et lawrie
17%
Aucun quiz correspondant
Distribution des résultats
% des personnes avec chaque résultat
Percentile par nombre de réponses
Votre historique - résultats
Vous n’avez pas pris ce quiz